World Countries using the Dot-Only Map - Five Minute Sprint - Statistics

General Stats
  • This quiz has been taken 593 times
  • The average score is 129 of 196
Answers on the Map
Answers color-coded by a green-red scale on the quiz's map according to % correct below.
 
Answer Stats
country % Correct
United Kingdom
94%
United States
94%
Canada
93%
France
90%
Russia
90%
Iceland
89%
Ireland
88%
Mexico
88%
Spain
88%
Portugal
87%
Argentina
86%
Brazil
86%
Norway
86%
Sweden
86%
Chile
85%
Finland
85%
Italy
85%
Germany
84%
Peru
84%
Denmark
82%
Andorra
81%
Belgium
81%
China
81%
Egypt
81%
Greece
81%
Panama
81%
Paraguay
81%
Uruguay
81%
Cuba
80%
Estonia
80%
Latvia
80%
Austria
79%
Bolivia
79%
Colombia
79%
Netherlands
79%
Ecuador
78%
Japan
78%
Lithuania
78%
Monaco
78%
Morocco
78%
Poland
78%
Algeria
77%
Belize
77%
Dominican Republic
77%
India
77%
Malta
77%
Slovakia
77%
Bahamas
76%
Haiti
76%
Honduras
76%
Suriname
76%
Ukraine
76%
Czechia
75%
Hungary
75%
Jamaica
75%
Serbia
75%
Slovenia
75%
Bosnia and Herzegovina
74%
Costa Rica
74%
Croatia
74%
Libya
74%
Luxembourg
74%
San Marino
74%
Switzerland
74%
Vatican City
74%
Belarus
73%
Guatemala
73%
Guyana
73%
Iran
73%
Iraq
73%
Romania
73%
Venezuela
73%
Australia
72%
Bulgaria
72%
El Salvador
72%
Nicaragua
72%
United Arab Emirates
72%
Albania
71%
Kosovo
71%
Liechtenstein
71%
Mongolia
71%
Saint Kitts and Nevis
71%
Turkey
71%
Cyprus
70%
Dominica
70%
Israel
70%
Saint Lucia
70%
South Korea
70%
Antigua and Barbuda
69%
Montenegro
69%
Barbados
68%
Moldova
68%
North Korea
68%
Saint Vincent and the Grenadines
68%
Trinidad and Tobago
68%
Tunisia
68%
Lebanon
67%
Oman
67%
Yemen
67%
Indonesia
66%
Laos
66%
Armenia
65%
Jordan
65%
New Zealand
65%
South Africa
65%
Georgia
64%
Grenada
64%
Pakistan
64%
Syria
64%
Azerbaijan
63%
Bahrain
63%
Kazakhstan
63%
Macedonia
63%
Qatar
63%
Cambodia
62%
Kuwait
62%
Mali
62%
Niger
62%
Saudi Arabia
62%
Sudan
62%
Chad
61%
Dem Rep Congo
61%
Philippines
61%
Togo
61%
Bhutan
60%
Nepal
60%
Nigeria
60%
Vietnam
60%
Afghanistan
59%
Nauru
59%
Benin
58%
Congo
58%
Kenya
58%
Guinea
57%
Lesotho
57%
Malaysia
57%
Taiwan
57%
Thailand
57%
Angola
56%
Central African Republic
56%
Fiji
56%
Palau
56%
Senegal
56%
Tonga
56%
Bangladesh
55%
Ghana
55%
Kyrgyzstan
55%
Madagascar
55%
Myanmar
55%
South Sudan
55%
Sri Lanka
55%
Uzbekistan
55%
Turkmenistan
54%
Ethiopia
53%
Gambia
53%
Maldives
53%
Samoa
53%
Singapore
53%
Somalia
53%
Brunei
52%
Namibia
52%
Eswatini
51%
Mauritania
51%
Tajikistan
51%
Tuvalu
51%
Cabo Verde
50%
Kiribati
50%
Comoros
49%
Guinea-Bissau
49%
Liberia
49%
Mauritius
49%
Papua New Guinea
49%
Rwanda
49%
São Tomé and Principe
49%
Uganda
49%
Eritrea
48%
Malawi
48%
Mozambique
48%
Seychelles
48%
Timor-Leste
48%
Zambia
48%
Côte d'Ivoire
47%
Vanuatu
47%
Botswana
46%
Cameroon
46%
Djibouti
46%
Marshall Islands
46%
Tanzania
46%
Burundi
45%
Gabon
45%
Micronesia
44%
Sierra Leone
44%
Zimbabwe
44%
Burkina Faso
42%
Solomon Islands
41%
Equatorial Guinea
40%
No matching quizzes found
Score Distribution
Percent of People with Each Score
Percentile by Number Answered
Your Score History
You have not taken this quiz